000 00514cam a2200145 4500500
005 20251228082904.0
041 _afre
042 _adc
100 1 0 _aGarapon, Jean
_eauthor
245 0 0 _aLa Grande Mademoiselle en visite à Trévoux : souveraineté rêvée, rêve romanesque
260 _c2005.
500 _a53
786 0 _nDix-septième siècle | 228 | 3 | 2005-09-01 | p. 489-497 | 0012-4273
856 4 1 _uhttps://shs.cairn.info/revue-dix-septieme-siecle-2005-3-page-489?lang=fr&redirect-ssocas=7080
999 _c1600014
_d1600014